LEADER 01439cam0-22003251i-450- 001 990004937920403321 005 20140310130342.0 035 $a000493792 035 $aFED01000493792 035 $a(Aleph)000493792FED01 035 $a000493792 100 $a19990604d1822----km-y0itay50------ba 101 0 $aita 102 $aIT 140 $aa-------------------bb0----- 200 1 $a<>torto e 'l diritto del non si può dato in giudicio sopra molte regole della lingua italiana esaminato da Ferrante Longobardi cioè dal P.D.B. colle osservazioni del sig. Nicolo Amenta e con altre annotazioni dell'Ab. sig. D. Giuseppe Cito ... Vol. I. [-II.] 210 $aBrescia$cpresso Moro e Falsina$d1822$e[Brescia]$gtipografia Bettoni 215 $a2 v. (XL, 587, [1]; 456 p.)$d18 cm 676 $a858$v22$zita 700 1$aBartoli,$bDaniello$f<1608-1685>$068996 702 1$aAmenta,$bNicolo 702 1$aCito,$bD. Giuseppe 801 0$aIT$bUNINA$gRICA$2UNIMARC 901 $aAQ 912 $a990004937920403321 952 $aSG 850/A 39 (1)$bFil. Mod. 14740$fFLFBC 952 $aSG 850/A 39 (2)$bFil. Mod. 14740$fFLFBC 959 $aFLFBC 996 $aTorto e 'l diritto del non si può dato in giudicio sopra molte regole della lingua italiana esaminato da Ferrante Longobardi cioè dal P.D.B. colle osservazioni del sig. Nicolo Amenta e con altre annotazioni dell'Ab. sig. D. Giuseppe Cito ... Vol. I.$9523935 997 $aUNINA LEADER 00838nam0 2200277 450 001 9910291559703321 005 20181113132442.0 010 $a978-1-4422-5792-4 100 $a20181113d2016----0itay50------ba 101 0 $aeng 102 $aUS 105 $aa-------001yy 200 1 $aThe new information literacy instruction$ebest practices$fedited by Patrick Ragains, M. Sandra Wood 210 $aLanham$cRowman & Littlefield$d©2016 215 $axiii, 230 p.$cill.$d25 cm 610 0 $aInformation literacy 676 $a028.7 700 1$aRagains,$bPatrick$0760151 701 1$aWood,$bM. Sandra$0760152 801 0$aIT$bUNINA$gREICAT$2UNIMARC 901 $aBK 912 $a9910291559703321 952 $aBIBL B 453$b470/2018$fFARBC 959 $aFARBC 996 $aThe new information literacy instruction$91537570 997 $aUNINA